MARC

LEADER 00000nam0a2200000 4500
001 257861
005 20231101233237.0
020 |a RU  |b 87-85407 
035 |a (RuTPU)RU\TPU\book\280684 
090 |a 257861 
100 |a 20140421d1987 m a0rusy5003 ca 
101 0 |a rus 
102 |a RU 
105 |a a z 000zb 
200 1 |a Генерал армии П. И. Батов  |f О. А. Назаров 
210 |a Москва  |c Воениздат  |d 1987 
215 |a 173 с.  |c ил. 
225 1 |a Советские полководцы и военачальники 
600 1 |a Батов  |b П. И.  |c военачальник  |c генерал армии  |f 1897-1985  |g Павел Иванович  |2 stltpush  |3 (RuTPU)RU\TPU\pers\32798 
606 1 |a Вооруженные силы  |x СССР  |x Персоналии  |2 stltpush  |3 (RuTPU)RU\TPU\subj\3697  |9 32075 
610 1 |a Советская Армия 
610 1 |a история 
610 1 |a биографии 
610 1 |a персоналии 
610 1 |a генералы 
610 1 |a Великая Отечественная война 1941-1945 
610 1 |a Вооруженные Силы 
686 |a Ц4,6(2)1Д  |2 rubbk 
700 1 |a Назаров  |b О. А.  |g Олег Александрович 
801 0 |a RU  |b RuMRKP  |c 19950417  |g psbo 
801 1 |a RU  |b 63413507  |c 20140421 
801 2 |a RU  |b 63413507  |c 20141010  |g RCR 
942 |c BK